00608 2200229 4500001002100000005001500021035002000036007000300056008004100059020002200100082001000122084001600132100002200148245007300170250001000243260003200253300003600285650001800321700001700339990001100356990001100367INLIS00000000000416120191007095632 a0010-1019000013ta191007 j 0 ind  a978-602-1695-45-6 a297.5 a297.5 VBI l0 aVBI, Djengggotten1 a55 Mutiara Akhlak Islam /cVbi Djengggotten; penyunting, Diyah Rahma acet.1 aJakarta :bSalsabila,c2017 avi, 112 hlm. :bilus. ;c21 cm. 4aISLAM. AKHLAK0 aDIYAH, Rahma a6936 a a6936 b